000 01033nam a2200289 a 4500
001 000011691
005 20200929162529.0
008 091023s1999 dr 001 0 spa d
020 _a8489163758
040 _aDO-SdBNP
_bspa
_cBNPHU
041 1 7 _aspa
_hita
_2Código de idioma MARC
082 _a873.1
_bM354e
100 1 _aMarón, Publio Virgilio,
_d70 a. C. - 19 a. C.
_927714
240 1 0 _aAeneis
_lespañol
245 1 0 _aEneida /
_cPublio Virgilio Marón ; traducción, Eugenio de Ochoa.
260 _aMadrid :
_bJorge A. Mestas,
_c1999.
300 _a314, [4] p. ;
_c19 cm.
490 1 _aClásicos Universales
_v40
_aEdición Íntegra
500 _aIncluye índice de nombres
500 _aIncluye los demás títulos de la colección
534 _pTítulo original en italiano:
_tAeneis
650 4 _aPoesía épica latina
_927715
650 4 _aLiteratura italiana
_yANTERIOR A 1400
_913826
700 1 _aOchoa, Eugenio de,
_etr.
_927716
830 0 _aClásicos Universales
_v40
_pEdición Íntegra
_916679
049 _aBNGR
999 _c11375
_d11375